000 00580nam a2200181Ia 4500
008 151202s9999||||xx |||||||||||||| ||und||
082 _bPNVM-75916
100 _a भागवत यशवंत.
245 _aतनया
260 _bनवल प्रकाशन 87सुकृती अपार्टमेंट पर्वती पुणे 9
260 _c2013
300 _a192
600 _a भागवत यशवंत.
630 _aतनया
700 _a भागवत यशवंत.
730 _aतनया
942 _cBOOK
999 _c1342575
_d1342572